Banner

Control, auditoría y revisoría fiscal incluye contraloría y ética profesional / (Record no. 1089)

MARC details
000 -LEADER
campo de control de longitud fija 01087nam a22002657a 4500
001 - NÚMERO DE CONTROL
campo de control 001476
003 - IDENTIFICADOR DE NÚMERO DE CONTROL
campo de control CoMeUDC001476
005 - FECHA Y HORA DE LA ÚLTIMA TRANSACCIÓN
campo de control 20190131174353.0
008 - DATOS DE LONGITUD FIJA--INFORMACIÓN GENERAL
campo de control de longitud fija 061030n 000 0 eng u
020 ## - NÚMERO INTERNACIONAL ESTÁNDAR DEL LIBRO
Número Internacional Estándar del Libro 9586485229
040 ## - FUENTE DE CATALOGACIÓN
Centro catalogador/agencia de origen COBoUEX
Centro/agencia transcriptor CoMeUDC
041 ## - CÓDIGO DE IDIOMA
Código de lengua del texto/banda sonora o título independiente spa
043 ## - CÓDIGO DE ÁREA GEOGRÁFICA
Código de área geográfica s-ck---
049 ## - FONDOS LOCALES (OCLC)
Biblioteca depositaria c
092 04 - ASIGNACIÓN LOCAL DE SIGNATURA TOPOGRÁFICA DEWEY (OCLC)
Número de clasificación 657.45
Número de ítem P349
100 1# - ENTRADA PRINCIPAL--NOMBRE DE PERSONA
Nombre de persona Peña Bermúdez, Jesús María
245 0# - MENCIÓN DEL TÍTULO
Título Control, auditoría y revisoría fiscal incluye contraloría y ética profesional /
Mención de responsabilidad, etc. Jesús María Peña Bermúdez.
260 ## - PUBLICACIÓN, DISTRIBUCIÓN, ETC.
Lugar de publicación, distribución, etc. Bogotá :
Nombre del editor, distribuidor, etc. Ecoe Ediciones,
Fecha de publicación, distribución, etc. 2006
300 ## - DESCRIPCIÓN FÍSICA
Extensión 182 p. ;
505 ## - NOTA DE CONTENIDO CON FORMATO
Nota de contenido con formato El control empresarial. Tendencias del control empresarial. El control en el procesamiento electrónico de datos. El control ante el fraude. Auditoría y revisoría fiscal. Normas de auditoría. Dictamen e informes. Características y fallas de los auditores. La contraloría. Etica profesional: desastre social o transparencia, antecedentes de la corrupción
650 #7 - PUNTO DE ACCESO ADICIONAL DE MATERIA--TÉRMINO DE MATERIA
Término de materia o nombre geográfico como elemento de entrada Auditoría
650 #7 - PUNTO DE ACCESO ADICIONAL DE MATERIA--TÉRMINO DE MATERIA
Término de materia o nombre geográfico como elemento de entrada CONTRALORIA DE EMPRESAS
650 #7 - PUNTO DE ACCESO ADICIONAL DE MATERIA--TÉRMINO DE MATERIA
Término de materia o nombre geográfico como elemento de entrada Ética profesional
942 ## - ELEMENTOS DE ENTRADA SECUNDARIOS (KOHA)
Fuente del sistema de clasificación o colocación Clasificación Decimal Dewey
Tipo de ítem Koha Libros
Holdings
Estatus retirado Estado de pérdida Fuente del sistema de clasificación o colocación Estado de daño No para préstamo Colección Biblioteca de origen Biblioteca actual Fecha de adquisición Fuente de adquisición Total de préstamos Signatura topográfica completa Código de barras Visto por última vez Fecha del último préstamo Copia número Precio de reemplazo Tipo de ítem Koha
    Clasificación Decimal Dewey     Colección general U DE COLOMBIA - Biblioteca U DE COLOMBIA - Biblioteca 31/01/2019 Donación 3 657.458 P349 001476 25/09/2021 22/09/2021 1 31/01/2019 Libros


Biblioteca Académica Corporación Universitaria U DE COLOMBIA | Teléfono: +(57) (4) 2398080 ext. 1112 | E-mail: biblioteca@udecolombia.edu.co | Dirección: Calle 56 Nº 41 – 147 (Bolivia con Girardot)
Horario de atención: lunes a viernes 8:00 a.m. a 8:00 p.m. - sábados 8:00 a.m. a 4:00 p.m.
Implementado por Grupo EGS.

Powered by Koha